000 00434nam a2200169 i 4500
001 bg
100 1 _aDZIEDZICZAK, Ignacy
245 0 _aOrganizacja bazy danych księgowych /
_cI. Dziedziczak.
260 _aWarszawa,
_c1983.
490 1 _aInformatyka w Praktyce
830 _aInformatyka w Praktyce
040 _cBPK
041 _apol
080 _a657::66/69:519.68
942 _cKS
008 s pl f |000 0 pol
999 _c21999
_d21999
856 _uhttp://koha.tu.koszalin.pl/cgi-bin/koha/opac-detail.pl?biblionumber=21999
_yKatalog online BPK